La familia: una aventura

Saved in:
Bibliografiske detaljer
Main Authors: Elsner Vásquez, Paulina (Author), Montero Labbé, María de la Luz (Author), Reyes Vergara, Carmen (Author), Zegers Prado, Beatriz (Author)
Format: Bog
Sprog:spansk
Udgivet: Santiago Universidad Católica de Chile 1988
Udgivelse:2a. ed
Serier:Lecciones
Fag:
Tags: Tilføj Tag
Ingen Tags, Vær først til at tagge denne postø!

MARC

LEADER 00000cam a2200000 a 4500
001 UCR3435
003 CL-VaPUC
008 980124e19880000CL |||||||||||||||||spa|d
020 |a 956142040 
082 0 4 |a 306.85  |b ELS  |2 21 
100 0 |a Elsner Vásquez, Paulina  |e author  |9 402298 
700 0 |a Montero Labbé, María de la Luz  |e author  |9 402299 
700 0 |a Reyes Vergara, Carmen  |e author  |9 402300 
700 0 |a Zegers Prado, Beatriz  |e author  |9 402301 
245 1 3 |a La familia: una aventura 
250 |a 2a. ed 
300 |a 162 p 
942 |c BK 
945 |d 19980124 00:00:00  |a aolguin 
260 |a Santiago  |b Universidad Católica de Chile  |c 1988 
650 0 |a Familias   |9 255641 
650 0 |a Educación para la vida familiar  |9 307821 
650 7 |a MATRIMONIO  |2 CL-VaPUC  |9 402302 
650 7 |a RELACION DE PAREJA  |2 CL-VaPUC  |9 363459 
650 0 |a Afectividad  |9 334265 
650 0 |a Amor  |9 257817 
650 0 |a Vida familiar  |9 308049 
650 7 |a RELACIONES SEXUALES  |2 CL-VaPUC  |9 312685 
650 0 |a Hijos  |9 353490 
650 7 |a PLANIFICACION FAMILIAR  |2 CL-VaPUC  |9 309893 
650 7 |a ROL DE LOS PADRES  |2 CL-VaPUC  |9 338980 
650 0 |a Escolares   |9 337248 
650 0 |a Adolescentes  |9 308058 
650 7 |a ENVEJECIMIENTO  |2 CL-VaPUC  |9 402303 
583 |a last modification  |c 20171116 10:32:30  |k Rodrigo Vera 
490 0 |a Lecciones 
999 |c 266508  |d 266506 
952 |0 0  |1 0  |4 0  |6 306_850000000000000_ELS_1988  |7 0  |8 A  |9 298188  |a BIBENE  |b BIBENE  |d 2019-11-20  |i 2822385  |o 306.85 ELS 1988  |p 2822385  |r 2025-01-15  |w 2019-11-20  |y BK  |k ICO 
952 |0 0  |1 0  |4 0  |6 306_850000000000000_ELS_1988  |7 0  |8 A  |9 298189  |a BIBGIM  |b BIBGIM  |d 2019-11-20  |i 2822393  |o 306.85 ELS 1988  |p 2822393  |r 2025-01-15  |w 2019-11-20  |y BK  |k SSL 
952 |0 0  |1 0  |4 0  |6 306_850000000000000_ELS_1988  |7 0  |8 A  |9 298190  |a BIBGIM  |b BIBGIM  |d 2019-11-20  |i 2822407  |o 306.85 ELS 1988  |p 2822407  |r 2024-01-16  |w 2019-11-20  |y BK  |k SSL 
952 |0 0  |1 0  |4 0  |6 306_850000000000000_ELS_1988  |7 0  |8 X  |9 298191  |a FDOBUD  |b FDOBUD  |d 2019-11-20  |i 4555376  |o 306.85 ELS 1988  |p 4555376  |r 2019-11-20  |w 2019-11-20  |y BK_X  |k BUD 
952 |0 0  |1 0  |3 erb  |4 0  |6 306_850000000000000_ELS_1988  |7 0  |8 A  |9 298192  |a BIBEDU  |b BIBEDU  |i 5437512  |o 306.85 ELS 1988  |p 5437512  |r 2019-11-20  |w 2019-11-20  |y BK  |z Catalogado en:20171117  |k PSI